Statistics for Ceremonial County Flags of England

Click here to take the quiz!

General Stats

  • This quiz has been taken 62 times
  • The average score is 20 of 38

Answer Stats

Answer% Correct
Cornwall
89%
Lancashire
86%
Nottinghamshire
83%
Essex
81%
Devon
69%
City of London
64%
Kent
64%
Leicestershire
61%
Oxfordshire
61%
Buckinghamshire
58%
East Riding of Yorkshire
56%
Warwickshire
56%
Herefordshire
53%
Northumberland
53%
Dorset
50%
Hertfordshire
50%
Isle of Wight
50%
Lincolnshire
50%
Somerset
50%
Surrey
50%
Worcestershire
50%
Durham
47%
North Yorkshire
47%
Rutland
47%
West Yorkshire
47%
Bedfordshire
44%
Berkshire
44%
Gloucestershire
44%
Norfolk
44%
Shropshire
44%
Wiltshire
44%
Cambridgeshire
42%
Cheshire
42%
Hampshire
42%
Suffolk
42%
Derbyshire
36%
Northamptonshire
36%
Staffordshire
36%

Score Distribution

Percentile by Number Answered

Percent of People with Each Score

Your Score History

You have not taken this quiz